| 000 | 00468nam a22001577a 4500 | ||
|---|---|---|---|
| 005 | 20240502071237.0 | ||
| 008 | 240430b |||||||| |||| 00| 0 eng d | ||
| 041 | _aEnglish | ||
| 082 | _a349 LAW | ||
| 100 | _lEnglish | ||
| 245 |
_aThe Law Reports: Kings Bench Division / _cedited by F Pollock |
||
| 260 |
_aLondon: _bTHE COUNCIL, _c1923 |
||
| 300 |
_bxxvi,728 pages; _c25 cm. |
||
| 650 |
_aLegal practice _bLaw |
||
| 942 |
_cBK _6ALISON_BN_VRIES |
||
| 999 |
_c1581 _d1581 |
||